000 00657nam a2200229Ia 4500
005 20260320201913.0
008 008 262003s9999 xx 000 0 eng d
037 _aEBOOK
040 _aCRL
040 _beng
040 _cCRL
041 _2eng
041 _aeng
084 _qCRL
100 _aKumar Velu
_91136267
245 0 _aMastering Kali Linux for Advanced Penetration Testing: Become a cybersecurity ethical hacking expert using Metasploit, Nmap, Wireshark, and Burp Suite
260 _bIEEE
856 _uhttps://ieeexplore.ieee.org/servlet/opac?bknumber=10162822
942 _cEBOOK
999 _c1724195
_d1724195